Statistics for France National Football Team Scorers 2010s

Click here to take the quiz!

General Stats

  • This quiz has been taken 309 times
    (170 since last reset)
  • The average score is 23 of 51

Answer Stats

Goals Last Player % Correct
392019Olivier Giroud
99%
302019Antoine Griezmann
98%
192015Karim Benzema
96%
102018Paul Pogba
95%
132019Kylian Mbappé
90%
12018Benjamin Pavard
82%
42019Samuel Umtiti
81%
12016N'Golo Kanté
81%
52019Raphaël Varane
78%
92013Franck Ribéry
69%
92017Blaise Matuidi
64%
12016Anthony Martial
64%
12015Alexandre Lacazette
63%
22018Ousmane Dembélé
60%
12016Laurent Koscielny
58%
22017Moussa Sissoko
57%
42019Kingsley Coman
54%
32016André Pierre Gignac
53%
82016Dimitri Payet
53%
32013Samir Nasri
52%
52012Florent Malouda
49%
22018Nabil Fékir
48%
82015Mathieu Valbuena
48%
12019Corentin Tolisso
47%
42019Thomas Lemar
45%
12019Florian Thauvin
44%
42015Yohan Cabaye
42%
12019Clément Lenglet
36%
22019Wissam Ben Yedder
34%
22013Mamadou Sakho
32%
12010Hatem Ben Arfa
32%
12012Adil Rami
30%
12017Djibril Sidibé
27%
22013Mathieu Debuchy
27%
32016Kévin Gameiro
27%
12010William Gallas
26%
72014Loïc Rémy
26%
12019Kurt Zouma
25%
32011Yoann Gourcuff
23%
12012Bafétimbi Gomis
23%
22012Jérémy Ménez
22%
12016Layvin Kurzawa
22%
12012Christophe Jallet
16%
12011Philippe Mexès
15%
12019Jonathan Ikoné
14%
12012Abou Diaby
12%
12011Yann M'Vila
9%
22011Marvin Martin
8%
12012Etienne Capoue
5%
12011Anthony Réveillère
2%
12011Younès Kaboul
2%

Score Distribution

Percentile by Number Answered

Percent of People with Each Score

Your Score History

You have not taken this quiz since the last reset